[Event "50th Biel Festival 2017"]
[Site "Biel"]
[Date "2017.07.27"]
[Round "4"]
[White "Vaganian, Rafael A"]
[Black "Georgiadis, Nico"]
[Result "0-1"]
[WhiteElo "2562"]
[BlackElo "2496"]
[Annotator "TA"]
[PlyCount "78"]
[EventDate "2017.??.??"]
[EventType "tourn"]
[EventCountry "SUI"]
[SourceTitle "playchess.com"]
[Source "ChessBase"]
[SourceQuality "1"]

{[%evp 12,78,0,-6,0,-4,15,2,3,3,7,0,0,-8,12,-4,3,-24,-28,-39,-44,-20,-26,-29,-32,-29,-10,-59,-52,-70,-64,-58,-25,-86,-62,-65,-72,-64,-58,-49,-53,-75,-74,-131,-118,-264,-255,-338,-324,-330,-321,-480,-449,-578,-556,-583,-577,-573,-583,-551,-551,-624,-629,-617,-616,-627,-598,-617,-617]} 1. d4 Nf6 2. Nf3 g6 3. Bg5 Bg7 4. Nbd2 O-O 5. e3 d6 6. Be2 Nbd7 {A48: 1 d4 Nf6 2 Nf3 g6: Torre, London and Colle Systems} 7. h3 {LiveBook: 7 Games} b6 8. a4 a5 {The position is equal.} 9. c3 Bb7 10. O-O h6 $146 ({Predecessor:} 10... e6 11. Re1 Qe7 12. b4 h6 13. Bh4 e5 14. bxa5 e4 15. Nh2 Rxa5 16. Nb3 Ra7 {1-0 (52) Mateo,R (2488)-Phillips,R (2250) Dresden 2008}) 11. Bh4 e5 12. Bb5 Qe8 13. dxe5 dxe5 14. Bxf6 Bxf6 15. e4 Qe7 16. Qc2 Nc5 17. Rfe1 Rfd8 18. Rab1 Ne6 19. Bf1 Bc6 20. Bb5 Bxb5 $1 21. axb5 Qc5 22. c4 (22. Qa4 $1 $11) 22... Rd7 23. Rbd1 Rad8 24. Nb3 Qb4 $36 {[%mdl 2048] aiming for ...Rxd1. White is under pressure.} 25. Rd5 a4 26. Nbd2 Nc5 27. Rb1 (27. Rxd7 $142 Rxd7 28. Ra1) 27... Rxd5 $17 28. exd5 {[#]} (28. cxd5 $17 {was forced.} Qxb5 29. Rd1) 28... e4 $1 $19 {[%cal Re4f3][%mdl 512]} 29. Nxe4 Nxe4 30. Qxe4 Bxb2 31. Qh4 (31. Ne5 $142 Re8 32. Qc2) 31... Ra8 {Black is clearly winning.} ({Less strong is} 31... Re8 32. Qxh6 a3 33. Ng5 $19) 32. Qe4 a3 33. d6 Rf8 34. dxc7 a2 35. Rf1 {With the idea Qc6.} Qc5 36. Nd2 {If only White now had time for Nb3....} a1=Q 37. Rxa1 Bxa1 38. Nb3 Qe5 39. Qd3 Qe1+ {Precision: White = 37%, Black = 84%.} 0-1

[Event "50th Biel Festival 2017"]
[Site "Biel"]
[Date "2017.07.28"]
[Round "5"]
[White "Leko, Peter"]
[Black "Harikrishna, P.."]
[Result "1/2-1/2"]
[WhiteElo "2678"]
[BlackElo "2737"]
[Annotator "TA"]
[PlyCount "113"]
[EventDate "2017.??.??"]
[EventType "tourn"]
[EventCountry "SUI"]
[SourceTitle "playchess.com"]
[Source "ChessBase"]
[SourceQuality "1"]

{[%evp 25,113,25,25,30,39,50,49,0,41,41,52,50,52,47,47,35,29,29,34,43,42,4,37,15,34,33,40,35,139,137,169,162,150,160,174,31,31,31,26,40,40,21,21,21,21,23,25,25,25,25,19,15,16,16,20,5,19,16,24,8,8,8,8,8,8,8,8,0,8,8,8,8,8,8,8,8,8,8,8,8,8,8,8,8,8,8,8,8,8,8]} 1. e4 e5 2. Nf3 Nc6 3. Bb5 a6 4. Ba4 Nf6 5. O-O Be7 6. Re1 b5 7. Bb3 O-O 8. a4 b4 9. d4 d6 10. dxe5 dxe5 11. Nbd2 {C88: Closed Ruy Lopez: Anti-Marshall Systems} Bc5 12. a5 h6 13. Qe2 Qe7 {LiveBook: 4 Games} 14. Bc4 {[#]} Nd4 $146 ({Find the theoretical novelty and annotate with similar games:} 14... Rd8 15. Nb3 Bd6 16. h3 Nb8 17. Bd3 Nbd7 18. Nfd2 Nc5 19. Nxc5 Bxc5 {½-½ (46) Bologan,V (2640)-Leko,P (2693) Tallinn 2016}) 15. Nxd4 Bxd4 16. Nf3 (16. Nb3 $5 {[%cal Rb3d4]}) 16... Bc5 17. Be3 Bb7 18. Nd2 Bxe3 19. Qxe3 Rfd8 20. Bd3 Bc8 21. Nc4 Nh5 22. Bf1 Bd7 23. Nd2 Nf6 24. h3 Be6 25. Nf3 Qd6 26. Re2 {[%cal Be1e2,Be2d2,Bd2d8][%mdl 32]} b3 (26... Nd7 $14) 27. Rd2 $16 Qb4 28. Rxd8+ Rxd8 29. cxb3 Qd6 30. Qc3 (30. Be2 $18) 30... Nxe4 $14 31. Qxe5 Qxe5 32. Nxe5 Nd2 $1 33. Bxa6 {[#] Bb7 is the strong threat.} (33. b4 $5 {[%cal Rf1a6]} Nxf1 34. Rxf1 $14 (34. Kxf1 f6 $14)) 33... Nxb3 34. Ra3 {Hoping for Bb7.} Ra8 35. Bc4 Rxa5 36. Bxe6 fxe6 37. Rxa5 Nxa5 $11 {[%mdl 4096] Endgame KN-KN} 38. f4 Kf8 39. Kf2 Ke7 40. b4 Nb7 41. Ke3 Nd6 42. g4 Nb5 {The position is equal.} 43. Kd3 Kd6 44. Nc4+ Kd5 45. Ne3+ Kd6 46. f5 c5 47. bxc5+ Kxc5 48. fxe6 {[#] Strongly threatening Nf5.} Kd6 49. Nf5+ Kxe6 50. Nxg7+ Kf6 51. Nh5+ Kg5 52. Ke4 Kh4 53. Kf5 Nd6+ 54. Kg6 Kxh3 55. Nf6 Ne4 56. Nxe4 {White threatens Nf6 and mate.} Kxg4 57. Kxh6 {Precision: White = 65%, Black = 63%.} 1/2-1/2

[Event "50th Biel Festival 2017"]
[Site "Biel"]
[Date "2017.07.28"]
[Round "5"]
[White "Morozevich, Alexander"]
[Black "Vaganian, Rafael A"]
[Result "1-0"]
[WhiteElo "2675"]
[BlackElo "2562"]
[Annotator "TA"]
[PlyCount "85"]
[EventDate "2017.??.??"]
[EventType "tourn"]
[EventCountry "SUI"]
[SourceTitle "playchess.com"]
[Source "ChessBase"]
[SourceQuality "1"]

{[%evp 18,85,98,67,74,40,52,42,52,39,92,74,91,80,133,119,222,214,238,181,234,243,242,248,237,232,270,265,334,332,325,319,353,349,407,394,529,501,499,499,497,481,552,538,652,650,680,680,668,459,441,451,422,378,555,549,563,556,545,546,609,592,545,514,693,701,1075,1049,964,994]} 1. e4 e6 2. d4 d5 3. Nc3 Bb4 4. e5 b6 5. a3 Bf8 6. Bb5+ {[%cal Bf1b5,Bb5a4,Ba4c2][%mdl 32]} c6 7. Ba4 a5 8. Nce2 {C16: French: 3 Nc3 Bb4 4 e5: Lines without ...c5} (8. Nf3 Ba6 9. Ne2 Bxe2 10. Qxe2 b5 11. Bb3 a4 12. Ba2 Be7 13. c3 h5 14. Bb1 Nh6 15. h3 Kd7 {1-0 (36) Morozevich,A (2683)-Glek,I (2404) Cheboksary 2016}) 8... Ba6 9. c3 Bb5 10. Bc2 {LiveBook: 4 Games. White is better.} a4 11. h4 $146 ({Predecessor:} 11. Nf3 c5 12. O-O Ne7 13. Re1 Ng6 14. g3 Nc6 15. h4 Qd7 {1-0 (39) Stojanovski,D (2437)-Nikoloski,K (2142) Struga 2010}) 11... c5 12. Nf3 Qd7 13. h5 Nh6 ({Better is} 13... h6 $14) 14. O-O Nc6 15. Re1 {[%cal Bf1e1,Be1e2,Be2e3,Be3h3][%mdl 32]} Bxe2 (15... Ng8 $142) 16. Rxe2 c4 (16... b5 $16 17. Bxh6 gxh6) 17. Bxa4 g6 18. Nh2 {[%cal Bf3h2,Bh2g4,Bg4f6][%mdl 32]} gxh5 (18... Nf5 $142 19. Bg5 gxh5) 19. Re3 $18 Nf5 20. Rh3 h4 21. Bg5 Be7 22. Bxe7 Kxe7 23. Ng4 Kd8 24. Nf6 Qb7 25. Bc2 Nce7 26. Qh5 $1 {[%csl LRf7,LRh7]} Rf8 27. Nxh7 Kc7 28. Nxf8 Rxf8 29. a4 Kb8 30. Rb1 Qc8 31. b3 cxb3 32. Rxb3 Nxd4 33. Rxb6+ Ka7 34. Rb2 ({Not} 34. cxd4 Kxb6 35. Rb3+ (35. Qxh4 Qxc2 36. a5+ Kxa5 $11) 35... Ka7 $18) 34... Nxc2 35. Rxc2 Nf5 (35... Ng6 {was worth a try.} 36. Qd1 Qc7 37. Qd4+ Ka6) 36. Rb2 {White is clearly winning.} Qc7 37. Qe2 Rb8 38. Rxb8 Qxb8 39. Rd3 Qb3 40. Rd1 Qxc3 41. Qb5 {[#] Qd7+ is the strong threat.} Qc7 42. a5 Ne7 43. Rb1 {Precision: White = 80%, Black = 34%.} 1-0

[Event "50th Biel Festival 2017"]
[Site "Biel"]
[Date "2017.07.28"]
[Round "5"]
[White "Hou, Yifan"]
[Black "Navara, David"]
[Result "1-0"]
[WhiteElo "2666"]
[BlackElo "2737"]
[Annotator "TA"]
[PlyCount "79"]
[EventDate "2017.??.??"]
[EventType "tourn"]
[EventCountry "SUI"]
[SourceTitle "playchess.com"]
[Source "ChessBase"]
[SourceQuality "1"]

{[%evp 13,79,44,36,13,42,40,41,39,41,35,38,35,32,32,53,49,75,79,79,0,45,37,85,54,108,113,108,101,131,142,142,150,143,120,173,183,154,140,137,147,152,122,202,166,191,235,228,205,314,307,387,387,545,485,943,950,972,988,982,982,947,925,856,857,799,643,29985,29986]} 1. e4 c5 2. Nf3 d6 3. d4 cxd4 4. Nxd4 Nf6 5. Nc3 a6 6. Be3 Ng4 7. Bg5 h6 8. Bc1 {B90: Sicilian Najdorf: Unusual White 6th moves, 6 Be3 Ng4 and 6 Be3 e5} Nc6 9. Nxc6 bxc6 10. Bc4 {White is slightly better.} e5 11. b3 Be7 12. Bb2 O-O 13. Qe2 {[#]} Nf6 $146 ({Predecessor:} 13... Qb6 14. O-O Nf6 15. Kh1 a5 {1-0 (38) Adams,M (2736)-Salem,A (2638) Geneve 2017}) 14. O-O-O Be6 15. Bxe6 fxe6 16. f4 (16. Kb1 $16) 16... Nd7 17. f5 Nb6 18. Rhf1 Qd7 (18... exf5 $14 19. Rxf5 Rxf5 20. exf5 Qc7) 19. g4 $16 a5 {[#]} 20. a4 $1 Rab8 21. Kb1 d5 {[#]} 22. fxe6 $1 Qxe6 {And now ...d4 would win.} 23. Rxf8+ Bxf8 (23... Rxf8 $16 24. Qa6 Bd8) 24. exd5 $18 cxd5 25. Nb5 e4 26. Qe3 Rb7 27. h3 Rf7 (27... Bb4 $16 {was worth a try.}) 28. Nd4 Bc5 29. Qd2 Bxd4 30. Bxd4 Nd7 (30... Nc8 $142 31. Qxa5 Ne7) 31. Qxa5 Rf3 32. Qb5 e3 (32... Rf8 $142 33. Bc3 Rc8) 33. Re1 Rxh3 (33... Nf8 $142 34. a5 Qe4) 34. a5 {[%cal Ba4a5,Ba5a6][%mdl 32]} Qxg4 35. Qxd5+ Kh7 36. a6 Rh5 37. Qd6 e2 38. a7 Ra5 39. Kb2 Qh4 40. Qxd7 {Precision: White = 81%, Black = 30%.} 1-0

[Event "50th Biel Festival 2017"]
[Site "Biel"]
[Date "2017.07.28"]
[Round "5"]
[White "Georgiadis, Nico"]
[Black "Ponomariov, Ruslan"]
[Result "1/2-1/2"]
[WhiteElo "2496"]
[BlackElo "2699"]
[Annotator "TA"]
[PlyCount "58"]
[EventDate "2017.??.??"]
[EventType "tourn"]
[EventCountry "SUI"]
[SourceTitle "playchess.com"]
[Source "ChessBase"]
[SourceQuality "1"]

{[%evp 26,58,33,11,10,15,16,0,19,18,29,0,14,0,4,0,10,4,10,0,16,17,19,18,31,32,35,0,0,0,39,0,0,0,54]} 1. e4 c5 2. Nf3 Nc6 3. Nc3 g6 4. d4 cxd4 5. Nxd4 Bg7 6. Be3 Nf6 7. Bc4 O-O 8. Bb3 d6 9. f3 Bd7 10. Qd2 Nxd4 11. Bxd4 b5 12. h4 a5 13. a4 bxa4 14. Nxa4 Be6 {B77: Sicilian Dragon: Yugoslav Attack, 9 Bc4 sidelines} (14... h5 15. Nb6 Ra6 16. Nxd7 Nxd7 17. Bxg7 Kxg7 18. Bc4 Ra8 19. Qd4+ {½-½ (19) Vachier Lagrave,M (2795)-Radjabov,T (2710) Moscow 2017}) 15. Bxe6 fxe6 16. O-O {[#]} Nh5 $146 ({Find the theoretical novelty and annotate with similar games:} 16... Rb8 17. b3 Qc7 18. Nb2 Rb4 19. Bc3 Nxe4 20. fxe4 Qxc3 21. Rxf8+ Kxf8 22. Rf1+ Ke8 23. Qxc3 Bxc3 24. Nc4 a4 25. Rf3 Rxc4 26. bxc4 Bb2 {0-1 (26) Fernandez Diaz,C (2134)-Iturrizaga Bonelli,E (2603) Barcelona 2011}) 17. Bxg7 Kxg7 18. Kh2 Qb8 19. Qe3 Ra7 20. g3 Rc7 {aiming for ...d5.} 21. Rf2 Qb5 22. Ra2 (22. Kg2 {with more complications.} Nf6 23. b3 Rb8 24. Qd2 Rbc8 25. Ra2) 22... Rb8 (22... Qe5 $5 {[%cal Re5g3]} 23. Qg5 Qd4 $11) 23. b3 Nf6 24. Nb2 Ra8 25. Kg2 Nd7 26. Qd3 Qc5 27. Qd2 Qb5 28. Qd3 Qc5 29. Qd2 ({Better is} 29. Na4 $11 Qb4 30. Qe2) 29... Qb5 {Precision: White = 47%, Black = 50%.} 1/2-1/2

[Event "50th Biel Festival 2017"]
[Site "Biel"]
[Date "2017.07.28"]
[Round "5"]
[White "Studer, Noel"]
[Black "Bacrot, Etienne"]
[Result "0-1"]
[WhiteElo "2493"]
[BlackElo "2715"]
[Annotator "TA"]
[PlyCount "92"]
[EventDate "2017.??.??"]
[EventType "tourn"]
[EventCountry "SUI"]
[SourceTitle "playchess.com"]
[Source "ChessBase"]
[SourceQuality "1"]

{[%evp 12,92,16,17,13,24,18,16,20,4,23,13,6,8,18,20,27,27,31,6,33,27,30,36,31,28,19,26,68,58,89,42,61,9,41,-68,-37,-236,-236,-257,-251,-268,-250,-269,-274,-262,-237,-260,-244,-417,-416,-399,-406,-950,-941,-912,-559,-895,-535,-1025,-525,-700,-416,-684,-64,-944,-670,-854,-408,-376,-348,-557,-358,-735,-725,-714,-680,-1220,-1178,-1055,-1035,-1741,-1697]} 1. d4 d5 2. c4 e6 3. Nf3 Nf6 4. g3 Be7 5. Bg2 O-O 6. O-O dxc4 7. Qc2 b6 {E05: Open Catalan: 5 Nf3 Be7} (7... a6 8. a4 Bd7 9. Qxc4 Bc6 10. Bf4 Nbd7 11. Nc3 Bd6 12. a5 Bxf4 13. gxf4 Nd5 14. e3 Nxc3 15. Qxc3 Bxf3 16. Bxf3 c6 17. Kh1 Qe7 18. Rg1 g6 19. Rg5 {½-½ (80) Aronian,L (2793)-Kramnik,V (2808) Leuven 2017}) 8. Bg5 Nd5 9. Bxe7 Qxe7 {The position is equal.} 10. Qxc4 Ba6 11. Qc2 Nd7 $146 ({Predecessor:} 11... c5 12. Rd1 Nd7 13. e4 Nb4 14. Qa4 Be2 15. Rd2 Bxf3 16. Bxf3 cxd4 17. Rxd4 {½-½ (28) Kobalia,M (2628)-Esipenko,A (2502) Moscow 2017}) 12. Nc3 c5 13. Nxd5 exd5 14. Rfe1 Bb7 15. Qa4 Rfe8 16. Rac1 a6 17. dxc5 bxc5 18. Qa5 Rac8 19. Nd2 Nf8 20. e4 d4 21. Nb3 Ne6 22. Rc4 (22. Qd2 $14) 22... Red8 23. Rd1 {[#]} (23. h4 $14) 23... f5 $1 $36 {[%mdl 2560] Black has the initiative.} 24. Re1 $2 ({White should try} 24. Nd2 $15) (24. exf5 Ng5) 24... fxe4 $19 25. Bxe4 Bxe4 26. Rxe4 Qf7 $1 27. Qd2 Qf5 28. Qd3 Rf8 $1 29. f4 {[#]} g5 $1 30. Qf3 $2 (30. g4 Qxg4+ 31. Qg3) 30... gxf4 {Strongly threatening ...Ng5.} 31. h4 Kh8 32. Nd2 (32. Nxc5 $142 Rg8 33. Nxe6 Rxc4 34. Qxf4 Qxf4 35. Rxf4) 32... Rg8 33. Nf1 Rcf8 34. Re1 Qf6 35. Ra4 Nc7 {[%cal Be6c7,Bc7d5,Bd5b4][%mdl 32]} 36. Ra5 Qd6 37. Qh5 (37. g4 $142) 37... f3 $2 (37... fxg3 $19 {aiming for ...g2.} 38. Rxc5 Ne6 39. Qe5+ Qxe5 40. Rcxe5 Nf4) 38. Kf2 $2 {[%mdl 8192]} (38. Qe5+ $15 Rf6 39. Qxd6 f2+ 40. Kh1 Rxd6 41. Re2) 38... Nd5 39. Qe5+ Qxe5 (39... Nf6 $142 40. Kg1 {[#]} f2+ $1 {[%mdl 512]} 41. Kxf2 Qxe5 42. Rxe5 Ng4+ 43. Kg1 Nxe5 44. Rxc5 Nf3+ 45. Kh1 Ne1) 40. Rxe5 Nb4 {And now ...Nd3+ would win.} 41. Re6 $2 (41. Ra3 {keeps fighting.} c4 42. Re4) 41... Rg6 42. Rxg6 $2 (42. Re4 Nd3+ 43. Kg1) 42... Nd3+ {Black is clearly winning.} 43. Kg1 hxg6 44. Rxa6 f2+ 45. Kg2 Nxb2 46. Ra3 c4 {Precision: White = 31%, Black = 63%.} 0-1

[Event "50th Biel Festival 2017"]
[Site "Biel"]
[Date "2017.07.30"]
[Round "6"]
[White "Harikrishna, P.."]
[Black "Hou, Yifan"]
[Result "1-0"]
[WhiteElo "2737"]
[BlackElo "2666"]
[Annotator "TA"]
[PlyCount "103"]
[EventDate "2017.??.??"]
[EventType "tourn"]
[EventCountry "SUI"]
[SourceTitle "playchess.com"]
[Source "ChessBase"]
[SourceQuality "1"]

{[%evp 25,103,37,70,8,41,11,20,3,16,11,33,21,21,21,27,30,23,32,33,33,29,21,33,35,44,17,15,15,15,0,26,12,12,12,14,12,15,12,15,14,18,12,12,12,16,14,19,45,45,15,13,16,23,0,0,0,0,0,0,0,0,0,167,9,9,9,283,288,250,211,354,341,389,385,334,333,324,308,12842,12843]} 1. c4 c5 2. Nf3 Nc6 3. d4 cxd4 4. Nxd4 g6 5. e4 Nf6 6. Nc3 d6 7. Be2 Nxd4 8. Qxd4 Bg7 9. Be3 O-O 10. Qd2 a5 {B36: Sicilian: Maroczy Bind: Gurgenidze System} (10... Qa5 11. f3 Be6 12. Rc1 Rfc8 13. b3 a6 14. Na4 Qxd2+ 15. Kxd2 Rc6 16. g4 Kf8 17. Nb6 Rb8 18. Nd5 Rcc8 19. Nf4 Bd7 20. g5 Ng8 21. Nd5 e6 {½-½ (65) Giri,A (2785)-Zvjaginsev,V (2661) Sochi 2017}) 11. O-O a4 12. Rad1 Qa5 13. Bd4 Be6 {LiveBook: 17 Games} 14. Qe3 ({White should try} 14. f4 $14) 14... Nd7 15. Nd5 Rfe8 $146 ({Predecessor:} 15... Bxd5 16. exd5 Rfe8 17. Bxg7 Kxg7 18. Rd4 Qb6 19. Qc3 {½-½ (38) Miranda Mesa,E (2437)-Gomez Sanchez,J (2398) Varadero 2016}) 16. h4 Bxd5 17. cxd5 Bxd4 18. Rxd4 Qb6 19. Qd2 Rec8 20. Bg4 Rc7 21. Rb4 Qa5 22. Bxd7 Rxd7 23. Rc1 Rc7 24. Rxc7 Qxc7 $14 {[%mdl 4096] Endgame KQR-KQR} 25. a3 (25. h5 $5) 25... Qd7 26. Qd1 b5 27. Qe2 Ra5 28. g3 h5 29. Kg2 Kh7 30. Qf3 Kg8 31. Qc3 Ra7 32. Qd3 Ra5 33. Qf1 Kg7 34. Qd1 Qc7 35. Qd3 Qc5 36. Qe2 Kf8 37. g4 hxg4 38. Qxg4 Ra8 39. h5 Kg7 40. hxg6 fxg6 41. Qd7 Rf8 42. Qxe7+ Rf7 43. Qh4 $36 {[%mdl 2048] White is pushing.} g5 $2 {[#]} (43... Kg8 $11) 44. Qg3 $2 ({Only move:} 44. Qxg5+ $18 Kh7 45. Qe3 Rg7+ 46. Kh2 Qxe3 47. fxe3) 44... Kg6 $11 45. Qe3 Qc8 $2 {[%mdl 8192]} (45... Qxe3 $11 {and Black is okay.} 46. fxe3 Re7) 46. e5 $18 ({Worse is} 46. Rxb5 Qg4+ 47. Qg3 Qxe4+ 48. Kg1 Qe2 $11) 46... dxe5 47. Qxe5 Qc2 (47... Qc5 {is a better defense.} 48. Qe4+ Kg7) 48. Qe3 Rf6 49. Rd4 Kf7 50. Re4 Qc8 51. Qxg5 {[#] aiming for Qh5+.} Qc5 $2 (51... Qf5 52. Qxf5 Rxf5) 52. Qh5+ {Precision: White = 54%, Black = 52%.} 1-0

[Event "50th Biel Festival 2017"]
[Site "Biel"]
[Date "2017.07.30"]
[Round "6"]
[White "Bacrot, Etienne"]
[Black "Leko, Peter"]
[Result "1/2-1/2"]
[WhiteElo "2715"]
[BlackElo "2678"]
[Annotator "TA"]
[PlyCount "74"]
[EventDate "2017.??.??"]
[EventType "tourn"]
[EventCountry "SUI"]
[SourceTitle "playchess.com"]
[Source "ChessBase"]
[SourceQuality "1"]

{[%evp 16,74,7,0,17,16,17,11,16,16,16,20,14,14,21,16,16,15,30,9,9,9,9,9,0,7,8,13,13,10,11,5,17,20,37,36,37,22,35,0,0,0,0,0,0,0,0,0,0,0,0,0,0,0,0,0,0,0,0,0,0]} 1. e4 e5 2. Nf3 Nc6 3. Bb5 {[%cal Bf1b5,Bb5a4,Ba4b3][%mdl 32]} a6 4. Ba4 Nf6 5. O-O Be7 6. d3 b5 7. Bb3 d6 8. a3 O-O 9. Nc3 Na5 {C77: Ruy Lopez: 3...a6 4 Ba4 Nf6, unusual lines} 10. Ba2 Be6 11. b4 Bxa2 12. Rxa2 Nc6 13. Bg5 Nd7 14. Bd2 Nf6 15. Re1 {[#]} Qd7 $146 ({Predecessor:} 15... Re8 16. Qb1 Qd7 17. Qb3 {½-½ (39) Bacrot,E (2689)-Fressinet,L (2672) London 2016}) 16. Qb1 Rab8 17. Nd5 Nxd5 18. exd5 Nd4 19. Nxd4 exd4 20. a4 Rfe8 21. axb5 axb5 22. Ra7 Ra8 23. Ra5 Rac8 24. h3 Bh4 25. Rxe8+ Rxe8 26. Qa1 Bf6 27. Ra8 h5 {The position is equal.} 28. Kf1 g6 29. Rxe8+ Qxe8 30. Qa7 Qc8 31. Bc1 c6 32. dxc6 Qxc6 33. Qa2 $1 Kg7 34. Bd2 Be5 35. Qb1 Bf6 36. Qa2 Be5 37. Qb1 Bf6 {Precision: White = 93%, Black = 72%.} 1/2-1/2

[Event "50th Biel Festival 2017"]
[Site "Biel"]
[Date "2017.07.30"]
[Round "6"]
[White "Ponomariov, Ruslan"]
[Black "Navara, David"]
[Result "1-0"]
[WhiteElo "2699"]
[BlackElo "2737"]
[Annotator "TA"]
[PlyCount "77"]
[EventDate "2017.??.??"]
[EventType "tourn"]
[EventCountry "SUI"]
[SourceTitle "playchess.com"]
[Source "ChessBase"]
[SourceQuality "1"]

{[%evp 23,77,22,34,0,0,0,0,0,5,7,0,0,0,0,0,0,0,0,19,20,31,31,35,20,23,31,33,15,56,63,65,63,65,0,0,0,259,262,312,166,455,459,925,905,2821,2840,29988,29982,29982,29983,29992,29993,29993,29994,29994,29995]} 1. e4 c5 2. Nf3 d6 3. d4 cxd4 4. Nxd4 Nf6 5. Nc3 a6 6. f3 e5 7. Nb3 Be6 8. Be3 Be7 9. Qd2 O-O 10. O-O-O b5 11. g4 Nbd7 12. g5 b4 13. gxf6 {B90: Sicilian Najdorf: Unusual White 6th moves, 6 Be3 Ng4 and 6 Be3 e5} (13. Ne2 {is interesting.} Ne8 14. f4 exf4 15. Bxf4 a5 16. h4) (13. Ne2 Ne8 14. f4 a5 15. f5 a4 16. fxe6 axb3 17. exf7+ Rxf7 18. Kb1 bxc2+ 19. Qxc2 Bxg5 20. Bxg5 Qxg5 21. Ng3 Kh8 22. Bc4 Rf8 {1-0 (40) Duda,J (2678)-Wojtaszek,R (2746) Germany 2017}) 13... bxc3 14. Qxc3 Nxf6 15. Na5 {The position is equal.} Rc8 16. Nc6 Qd7 17. Nxe7+ Qxe7 18. Qa5 Rc6 19. Rg1 Rfc8 20. Kb1 Nh5 21. Rg2 $146 ({Don't go for} 21. Bxa6 $2 Ra8 $19) 21... Qf6 22. Rf2 h6 23. b3 ({Avoid the trap} 23. Bxa6 $2 Ra8 $19) 23... Kh7 24. c4 Nf4 25. Qb4 Nh3 26. Bxh3 $1 Bxh3 27. Kb2 Qd8 28. Qd2 (28. Qc3 $14) 28... Rb8 29. f4 $36 {[%cal Bf3f4,Bf4f5,Bf5f6][%mdl 2080] White is pushing.} Qc7 $2 {[%mdl 8192] [#]} (29... Rxc4 $1 $11 {and Black is okay.} 30. fxe5 Be6) 30. Rg1 $1 $18 Rxc4 31. Rg3 (31. Rf3 $142 Qb7 32. Rxh3) 31... d5 $2 {[#]} (31... exf4 {was worth a try.} 32. Rxf4 (32. Bxf4 Be6 $16) 32... Be6) 32. f5 $1 d4 (32... Bxf5 $142 33. exf5 Rh4) 33. Bxh6 {White wants to mate with Qg5.} Rc3 34. Bxg7 {Threatening mate with Qh6+.} Re3 35. Rxe3 {White mates.} dxe3 36. Qxe3 Kxg7 37. f6+ Kf8 38. Qxh3 {[%cal Rh3h8]} Ke8 39. Rd2 {Precision: White = 68%, Black = 32%.} 1-0

[Event "50th Biel Festival 2017"]
[Site "Biel"]
[Date "2017.07.30"]
[Round "6"]
[White "Vaganian, Rafael A"]
[Black "Studer, Noel"]
[Result "1-0"]
[WhiteElo "2562"]
[BlackElo "2493"]
[Annotator "TA"]
[PlyCount "109"]
[EventDate "2017.??.??"]
[EventType "tourn"]
[EventCountry "SUI"]
[SourceTitle "playchess.com"]
[Source "ChessBase"]
[SourceQuality "1"]

{[%evp 13,109,0,47,42,45,24,26,16,37,40,44,45,70,64,87,20,34,43,30,-127,-114,-111,-124,-115,-107,-104,-14,-17,0,0,0,0,0,0,12,-16,-10,-30,0,-9,25,0,19,-18,-19,-20,-10,-31,0,0,0,0,0,0,0,0,0,-7,0,0,0,0,0,0,0,0,0,0,0,-34,0,-12,-12,-191,-191,-193,-195,-211,-170,-171,-29,-40,-45,-41,0,-32,-34,-43,0,0,747,594,29978,29976,29987,29988,29988,29989]} 1. Nf3 d5 2. c4 e6 3. e3 Nf6 4. b3 c5 5. Bb2 Nc6 6. cxd5 exd5 7. Bb5 Qb6 {LiveBook: 5 Games. A13: English Opening: 1...e6} (7... Bd6 8. O-O O-O 9. d4 cxd4 10. Nxd4 Qb6 11. Bxc6 bxc6 12. Nc3 c5 13. Nf3 Bb7 14. Rc1 Rac8 15. Ne2 Ne4 16. Ng3 Nxg3 17. hxg3 Rfd8 18. Qd2 Be7 19. Rc2 h5 20. Rfc1 Rc7 21. Bc3 d4 22. exd4 cxd4 23. Ba5 {1-0 (23) So,W (2812)-Anand,V (2786) Leuven 2017}) 8. Nc3 Bd6 9. Rc1 $146 ({Predecessor:} 9. d4 cxd4 10. Qxd4 Qxd4 11. Nxd4 Bd7 12. Rd1 a6 13. Be2 Nxd4 14. Rxd4 Be5 15. Rd2 {½-½ (33) Gaprindashvili,V (2390)-Akobian,V (2387) Yerevan 1999}) 9... O-O {White has an edge.} 10. Be2 Qa5 11. O-O Bg4 12. Na4 Ne4 13. d3 Bxf3 $1 14. Bxf3 (14. gxf3 $16 Nf6 15. Bxf6 gxf6 16. f4) 14... Nd2 $11 15. Bxd5 Nxf1 16. Bxc6 $2 (16. Kxf1 $11 Rae8 17. Be4) 16... Nxe3 $1 $17 (16... bxc6 $6 17. Qg4 $11) 17. fxe3 bxc6 18. Qg4 {[%csl Gb2][%cal Rg4g7]} g6 19. Qf3 {Qf6 would kill now.} f6 ({Inferior is} 19... Qd2 20. Qf6 $16) ({Better is} 19... Be7 $1 $17 20. Qf4 Rae8) 20. Qxc6 $11 Rad8 21. Bc3 $36 {[%mdl 2048] White has good play.} Qc7 22. Qxc7 Bxc7 23. Nxc5 Bb6 (23... Rc8 $5 {[%cal Rc7h2]} 24. Bd4 f5 $11) 24. Bd4 (24. d4 $5 {[%cal Rc5e6]} Rc8 25. Bb4 $11) 24... Rd5 25. b4 Re8 26. Rc4 ({Much worse is} 26. Bxf6 Rxe3 27. d4 Bc7 $17) 26... Kf7 27. a4 {[%cal Ba2a4,Ba4a5][%mdl 32]} Rc8 (27... Bxc5 $5 28. bxc5 Rd7 $11) 28. a5 (28. Ne4 $5 {[%cal Rc4c8]} Rcd8 29. Nc3 $11) 28... Bxc5 $1 29. bxc5 {[%mdl 4096] Endgame KRR-KRB} Ke6 30. Kf2 (30. e4 $5 {[%cal Re4d5]} Rd7 31. Kf2 $11) 30... Rf5+ {[%mdl 1024] Black has compensation.} 31. Ke2 Rg5 32. g3 Rh5 33. h4 g5 34. hxg5 Rxg5 35. e4 Rxg3 36. Bf2 Rg4 37. Kf3 h5 38. d4 {[%cal Bd3d4,Bd4d5][%mdl 32]} f5 39. d5+ Ke7 {Threatens to win with ...Rf8.} 40. Rb4 {aiming for Rb7+.} fxe4+ 41. Ke2 Rg2 42. Rxe4+ Kd7 43. Kf1 $2 (43. Rf4 $1 $11) 43... Rg5 $19 44. d6 Rg7 $1 45. Ke2 Rb8 46. Kd3 Rb5 (46... Kc6 $19 {...Rb3+ is the strong threat.} 47. Re6 Rb3+ 48. Kc4 Ra3 49. d7+ Kxd7) 47. Bd4 Rh7 48. Kc4 a6 49. Rf4 h4 {[%cal Bh5h4,Bh4h3][%mdl 32] Strongly threatening ...h3.} 50. Rf8 $1 {[%cal Rf8a8] Hoping for Ra8.} h3 51. Ra8 {[#]} Rh4 $2 {[%mdl 8192] [#]} (51... Rxc5+ $1 $11 {[%mdl 512]} 52. Bxc5 (52. Kxc5 Rh5+) 52... Rh4+ 53. Kd5 Rh5+ 54. Kc4 Rh4+ 55. Kd5 Rh5+ 56. Kc4 Rh4+) 52. Ra7+ $1 $18 Ke8 {And now ...h2 would win.} 53. c6 {[%cal Bc5c6,Bc6c7][%mdl 32] White mates.} h2 54. c7 {[%cal Rc7c8]} Kd7 55. Ra8 {Precision: White = 63%, Black = 37%.} 1-0